Statistics for Old Sitcoms by Theme Song

Click here to take the quiz!

General Stats

  • This quiz has been taken 641 times
  • The average score is 11 of 22

Answer Stats

HintAnswer% Correct
So no one told you life was gonna be this wayFriends
78%
Makin' your way in the world today takes everything you've gotCheers
78%
Sunday Monday _____ ____, Tuesday Wednesday _____ ____Happy Days
77%
Thank you for bein' a friend, traveled down the road and back againThe Golden Girls
76%
Come and knock on our door, take a step that is newThree's Company
74%
Well we're movin' on up, to the East SideThe Jeffersons
73%
Love and marriage, love and marriage, go together like a horse and carriageMarried... With Children
72%
Now the world don't move to the beat of just one drumDiff'rent Strokes
60%
You take the good, you take the bad, you take them both and there you haveThe Facts of Life
56%
Boy the way Glenn Miller played, songs that made the hit paradeAll in the Family
55%
We're gonna do it! Give us any chance we'll take it.Laverne & Shirley
51%
What would you do if I sang out of tune?The Wonder Years
50%
What ever happened to predictability?Full House
49%
I bet we've been together for a million yearsFamily Ties
40%
Show me that smile again, don't waste another minute on your cryin'Growing Pains
35%
Keepin' your head above water, makin' a way when you canGood Times
27%
New boy in the neighborhood lives downstairs and it's understoodCharles in Charge
21%
There's a new girl in town and she's lookin' goodAlice
19%
This is it, this is it, this is life the one you get, so go and have a ballOne Day at a Time
18%
There's more to life than what you're livin', so take a chance and face the windWho's the Boss?
18%
Baby, if you've ever wondered, wondered whatever became of meWKRP in Cincinnati
18%
I don't need you to worry for me cause I'm alrightBosom Buddies
11%

Score Distribution

Percentile by Number Answered

Percent of People with Each Score

Your Score History

You have not taken this quiz